LEADER 01449nam a2200301 a 4500 001 000000132699 003 CaOOAMICUS 005 20130207144431.0 008 130207s2006 it adeg u000 u ita r 020 $a88-8420-337-6 040 $aPUL$bita 082 04$a726 245 03$aLa pieve di San Floriano d'Illegio :$barcheologia, storia, arte, tradizione /$ca cura di Flavia De Vitt. 260 $aUdine :$bForum,$c2006$a[S.l.] :$bComitato San Floriano,$cİ2006$aUdine :$bEditrice universitaria udinese 300 $a384 p. :$bill., piante, grafici, musica ;$c29 cm 504 $aBibliografia nelle note. 610 24$aPieve di San Floriano (Illegio, Udine).$0(OLS)http://pul/subject/39367 700 1 $aDe Vitt, Flavia.$0(OLS)http://pul/name/29183 850 $aPUL 852 $aPUL$W1$xDP2 Cons. Gen., Altre Classi 3$y97$m726 DEVFL 1$j152655$qDDC 21 $B152063$CPULBib$Z2$F152063 $H101967 $82 941 1 $a9 996 $6020$a88-8420-337-6$9(OLS)http://pul/number/151786 996 $6082$a726$9(OLS)http://pul/classification/2345 996 $6245$aLa pieve di San Floriano d'Illegio :$barcheologia, storia, arte, tradizione$9(OLS)http://pul/title/167671 996 $6260$aUdine :$bForum$9(OLS)http://pul/publisher/62133 996 $6260$a[S.l.] :$bComitato San Floriano$9(OLS)http://pul/publisher/82257 996 $6260$aUdine :$bEditrice universitaria udinese$9(OLS)http://pul/publisher/82271 LEADER 01273nam a2200277 u 4500 001 000000007237 003 CaOOAMICUS 005 20070226104948.0 008 950608s1949 enk u000 u eng u 035 $a10188768 040 $aPUL$bita 100 1 $aUllmann, Walter,$d1910-1983.$0(OLS)http://pul/name/57 245 10$aMedieval papalism :$bthe political theories of the Medieval canonists /$cby Walter Ullmann. 260 $aLondon :$bMethuen & C.,$c1949. 300 $axiv, 230 p. ;$c22 cm 490 1 $aThe Maitland memorial lectures 500 $aDelivered in the University of Cambridge in lent term 1948. 650 0$aChurch history$yMiddle Ages, 600-1500.$2//eng$0(OLS)http://pul/subject/365 650 0$aPapacy$xHistory.$2//eng$0(OLS)http://pul/subject/282 830 4$aThe Maitland memorial lectures.$0(OLS)http://pul/title/10632 850 $aPUL 852 $aPUL$W1$xDP1 Fondo Maccarrone$y58$m1503 F 6$j10200$nBK-PRI$b $qFondi$B10200$CPULBib$Z2$F10200 $H $81 941 1 $a1 961 $aINV: 01041 -- Fondo Mons. M. Macccarrone 996 $6245$aMedieval papalism :$bthe political theories of the Medieval canonists$9(OLS)http://pul/title/10631 996 $6260$aLondon :$bMethuen & C.$9(OLS)http://pul/publisher/49925